ბათუმის შოთა რუსთაველის სახელმწიფო უნივერსიტეტის ბიბლიოთეკა

Condensed Books: Vet in Harness, Lion in the Evening, the Frost and the Fire, the Dogs of War (ბიბ.ჩანაწერი № 47682)

000 -LEADER
fixed length control field 00623nam a2200193Ia 4500
001 - CONTROL NUMBER
control field 14551
003 - CONTROL NUMBER IDENTIFIER
control field GE_BSU
008 - FIXED-LENGTH DATA ELEMENTS--GENERAL INFORMATION
fixed length control field 181216s||||||||xx |||||||||||||| ||und||
020 ## - INTERNATIONAL STANDARD BOOK NUMBER
International Standard Book Number 0340191848
040 ## - CATALOGING SOURCE
Transcribing agency GE_BSU
080 ## - UNIVERSAL DECIMAL CLASSIFICATION NUMBER
Universal Decimal Classification number 821.111-31
245 ## - TITLE STATEMENT
Title Condensed Books: Vet in Harness, Lion in the Evening, the Frost and the Fire, the Dogs of War
245 ## - TITLE STATEMENT
Statement of responsibility, etc. James Herriot.Alan Scholefield. Ruth Park And Frederick Forsyth
260 ## - PUBLICATION, DISTRIBUTION, ETC.
Place of publication, distribution, etc. London
260 ## - PUBLICATION, DISTRIBUTION, ETC.
Name of publisher, distributor, etc. Reader's digest
300 ## - PHYSICAL DESCRIPTION
Extent 542p.20cm.
653 ## - INDEX TERM--UNCONTROLLED
Uncontrolled term Condensed Books: Vet in Harness, Lion in the Evening, the Frost and the Fire, the Dogs of War
942 ## - ADDED ENTRY ELEMENTS (KOHA)
Koha item type წიგნი
ეგზემპლარები
Withdrawn status Lost status Damaged status Not for loan Date acquired Barcode Date last seen Price effective from Koha item type
        2018-12-17 37315 2018-12-17 2018-12-17 წიგნი